Top 3 US States by Race and Ethnicity - Statistics

General Stats
  • This quiz has been taken 128 times
  • The average score is 16 of 18
Answer Stats
Race/Ethnicity Percentage Answer % Correct
Second-highest % Asian 17.8 California
100%
Second-highest % Hispanic/Latino 39.4 California
100%
Highest % Asian 56.6 Hawaii
96%
Highest % Pacific Islander 27.1 Hawaii
96%
Highest % black 37.9 Mississippi
96%
Third-highest % American Indian/Alaska Native 12.4 New Mexico
96%
Highest % Hispanic/Latino 47.7 New Mexico
96%
Highest % American Indian/Alaska Native 21.9 Alaska
93%
Second-highest % Pacific Islander 2.5 Alaska
93%
Third-highest % Hispanic/Latino 39.3 Texas
93%
Third-highest % black 33.0 Georgia
91%
Third-highest % Asian 12.2 Washington
89%
Second-highest % black 33.1 Louisiana
87%
Highest % white 93.7 Maine
84%
Second-highest % American Indian/Alaska Native 16.0 Oklahoma
82%
Second-highest % white 93.6 Vermont
79%
Third-highest % Pacific Islander 1.8 Utah
55%
Third-highest % white 92.8 West Virginia
44%
No matching quizzes found
Score Distribution
Percent of People with Each Score
Percentile by Number Answered
Your Score History
You have not taken this quiz